Les partis américains qui ont été au pouvoir - Statistiques

Statistiques générales
  • Ce quiz a été pris 46 fois
  • Le résultat moyen est 3 sur 5
Statistiques - réponses
Parti % Correct
Républicain
100%
Démocrate
95%
Fédéraliste
33%
Whig
30%
Républicain National
5%
Aucun quiz correspondant
Distribution des résultats
% des personnes avec chaque résultat
Percentile par nombre de réponses
Votre historique - résultats
Vous n’avez pas pris ce quiz